| 000 | 00802nas a2200289 4500 | ||
|---|---|---|---|
| 001 | BR2013008611 | ||
| 003 | BR-BrBNA | ||
| 005 | 20231205123137.0 | ||
| 007 | ta | ||
| 008 | 230509b bl.|||p| |||| 00| 00por d | ||
| 040 |
_aBR-BrBNA _bpor _cBiblioteca Nacional de Agricultura |
||
| 041 | _a(En) | ||
| 072 | _aH60 | ||
| 100 | 1 | _aCosta, N.V. | |
| 100 | 1 | _aRitter, L. | |
| 100 | 1 | _aPeres, E.J.L. | |
| 100 | 1 | _aSilva, P.V. | |
| 100 | 1 | _aVasconcelos, E.S. | |
| 245 | 1 | _aWeed interference periods in the 'Fécula branca' cassava | |
| 650 | _aMANDIOCA | ||
| 650 | _aCULTIVO | ||
| 650 | _aERVA DANINHA | ||
| 650 | _aFÉCULA | ||
| 773 | 0 |
_tPlanta Daninha (Brazil) _xISSN 0100-8358 _g(2013), v. 31(3) p. 533-542 _wBR2013008611 |
|
| 909 |
_a202311 _bLúcia _c55 _dLúcia Elande |
||
| 942 |
_2AGRIS _n0 _cANA |
||
| 999 |
_c232384 _d232384 |
||